<?xml version="1.0" encoding="UTF-8"?>
<record
    xmlns:xsi="http://www.w3.org/2001/XMLSchema-instance"
    xsi:schemaLocation="http://www.loc.gov/MARC21/slim http://www.loc.gov/standards/marcxml/schema/MARC21slim.xsd"
    xmlns="http://www.loc.gov/MARC21/slim">

  <leader>02206nam a22002897a 4500</leader>
  <controlfield tag="005">20220926122201.0</controlfield>
  <controlfield tag="008">220923b           ||||| |||| 00| 0 eng d</controlfield>
  <datafield tag="040" ind1=" " ind2=" ">
    <subfield code="c">AL</subfield>
  </datafield>
  <datafield tag="041" ind1=" " ind2=" ">
    <subfield code="a">kan</subfield>
  </datafield>
  <datafield tag="082" ind1=" " ind2=" ">
    <subfield code="2">23</subfield>
    <subfield code="a">351.3K</subfield>
    <subfield code="b">MADI</subfield>
  </datafield>
  <datafield tag="100" ind1=" " ind2=" ">
    <subfield code="a">Mali Maddanna: &#xCAE;&#xCBE;&#xCB2;&#xCBF; &#xCAE;&#xCA6;&#xCCD;&#xCA6;&#xCA3;&#xCCD;&#xCA3; and others Ed</subfield>
    <subfield code="9">58503</subfield>
  </datafield>
  <datafield tag="245" ind1=" " ind2=" ">
    <subfield code="a">IAS KAS aichika kannada mukhya pariksheya kaipidi:</subfield>
    <subfield code="b">&#xC90;&#xC8E;&#xC8E;&#xCB8;&#xCCD; &#xC95;&#xCC6;&#xC8E;&#xC8E;&#xCB8;&#xCCD;  &#xC90;&#xC9A;&#xCCD;&#xC9A;&#xCBF;&#xC95; &#xC95;&#xCA8;&#xCCD;&#xCA8;&#xCA1; &#xCAE;&#xCC1;&#xC96;&#xCCD;&#xCAF; &#xCAA;&#xCB0;&#xCC0;&#xC95;&#xCCD;&#xCB7;&#xCC6;&#xCAF; &#xC95;&#xCC8;&#xCAA;&#xCBF;&#xCA1;&#xCBF;  Patrike 1</subfield>
  </datafield>
  <datafield tag="250" ind1=" " ind2=" ">
    <subfield code="a">3</subfield>
  </datafield>
  <datafield tag="260" ind1=" " ind2=" ">
    <subfield code="a">Bengaluru</subfield>
    <subfield code="b">Hariprasad Publications</subfield>
    <subfield code="c">2018</subfield>
  </datafield>
  <datafield tag="300" ind1=" " ind2=" ">
    <subfield code="a">xxiv,288p.</subfield>
    <subfield code="b">PB</subfield>
    <subfield code="c">24x18cm.</subfield>
  </datafield>
  <datafield tag="365" ind1=" " ind2=" ">
    <subfield code="2">Kannada</subfield>
    <subfield code="a">BLCR-000079</subfield>
    <subfield code="b">240.00</subfield>
    <subfield code="c">&#x20B9;</subfield>
    <subfield code="d">300.00</subfield>
    <subfield code="e">20%</subfield>
    <subfield code="f">06-09-2022</subfield>
  </datafield>
  <datafield tag="520" ind1=" " ind2=" ">
    <subfield code="a">&#xC95;&#xCA8;&#xCCD;&#xCA8;&#xCA1; &#xCAD;&#xCBE;&#xCB7;&#xCC6;&#xCAF; &#xC9A;&#xCB0;&#xCBF;&#xCA4;&#xCCD;&#xCB0;&#xCC6; &#xCAE;&#xCA4;&#xCCD;&#xCA4;&#xCA6;&#xCB0; &#xCB2;&#xC95;&#xCCD;&#xCB7;&#xCA3;&#xC97;&#xCB3;&#xCC1; 
&#xC95;&#xCA8;&#xCCD;&#xCA8;&#xCA1; &#xCB8;&#xCBE;&#xCB9;&#xCBF;&#xCA4;&#xCCD;&#xCAF; &#xC9A;&#xCB0;&#xCBF;&#xCA4;&#xCCD;&#xCB0;&#xCC6; 
&#xC95;&#xCBE;&#xCB5;&#xCCD;&#xCAF; &#xCAE;&#xCC0;&#xCAE;&#xCBE;&#xC82;&#xCB8;&#xCC6; 
&#xC95;&#xCB0;&#xCCD;&#xCA8;&#xCBE;&#xC9F;&#xC95; &#xCB8;&#xCBE;&#xC82;&#xCB8;&#xCCD;&#xC95;&#xCCD;&#xCB0;&#xCA4;&#xCBF;&#xC95; &#xC9A;&#xCB0;&#xCBF;&#xCA4;&#xCCD;&#xCB0;&#xCC6; 
&#xC95;&#xCB0;&#xCCD;&#xCA8;&#xCBE;&#xC9F;&#xC95; &#xCA7;&#xCBE;&#xCB0;&#xCCD;&#xCAE;&#xCBF;&#xC95; &#xC9A;&#xCB3;&#xCC1;&#xCB5;&#xCB3;&#xCBF;&#xC97;&#xCB3;&#xCC1; 
&#xC95;&#xCB0;&#xCCD;&#xCA8;&#xCBE;&#xC9F;&#xC95;&#xCA6;&#xCB2;&#xCCD;&#xCB2;&#xCBF; &#xCB8;&#xCCD;&#xCB5;&#xCBE;&#xCA4;&#xC82;&#xCA4;&#xCCD;&#xCB0;&#xCCD;&#xCAF; &#xC9A;&#xCB3;&#xCB5;&#xCB3;&#xCBF; 
&#xC90; &#xC8E; &#xC8E;&#xCB8;&#xCCD;  &#xCAE;&#xCC1;&#xC96;&#xCCD;&#xCAF; &#xCAA;&#xCB0;&#xCC0;&#xC95;&#xCCD;&#xCB7;&#xCC6;&#xCAF; &#xCAA;&#xCCD;&#xCB0;&#xCB6;&#xCCD;&#xCA8;&#xCC6;&#xCAA;&#xCA4;&#xCCD;&#xCB0;&#xCBF;&#xC95;&#xCC6;&#xC97;&#xCB3;&#xCC1; 
&#xC95;&#xCC6;&#xC8E;&#xC8E;&#xCB8;&#xCCD;  &#xCAE;&#xCC1;&#xC96;&#xCCD;&#xCAF;&#xCAA;&#xCB0;&#xCC0;&#xC95;&#xCCD;&#xCB7;&#xCC6;&#xCAF; &#xCAA;&#xCCD;&#xCB0;&#xCB6;&#xCCD;&#xCA8;&#xCC6; &#xCAA;&#xCA4;&#xCCD;&#xCB0;&#xCBF;&#xC95;&#xCC6;&#xC97;&#xCB3;&#xCC1; 
&#xCB8;&#xC82;&#xCAD;&#xCB5;&#xCA8;&#xCC0;&#xCAF; &#xCAA;&#xCCD;&#xCB0;&#xCB6;&#xCCD;&#xCA8;&#xCC6;&#xC97;&#xCB3;&#xCC1; </subfield>
  </datafield>
  <datafield tag="650" ind1=" " ind2=" ">
    <subfield code="a">Kannada Bhashe: &#xC95;&#xCA8;&#xCCD;&#xCA8;&#xCA1; &#xCAD;&#xCBE;&#xCB7;&#xCC6;</subfield>
    <subfield code="9">58357</subfield>
  </datafield>
  <datafield tag="650" ind1=" " ind2=" ">
    <subfield code="a">Kannada Sahitya Charitre: &#xC95;&#xCA8;&#xCCD;&#xCA8;&#xCA1; &#xCB8;&#xCBE;&#xCB9;&#xCBF;&#xCA4;&#xCCD;&#xCAF; &#xC9A;&#xCB0;&#xCBF;&#xCA4;&#xCCD;&#xCB0;&#xCC6;  </subfield>
    <subfield code="9">58358</subfield>
  </datafield>
  <datafield tag="650" ind1=" " ind2=" ">
    <subfield code="a">Karnatka Samskratika Charitre: &#xC95;&#xCB0;&#xCCD;&#xCA8;&#xCBE;&#xC9F;&#xC95; &#xCB8;&#xCBE;&#xC82;&#xCB8;&#xCCD;&#xC95;&#xCCD;&#xCB0;&#xCA4;&#xCBF;&#xC95; &#xC9A;&#xCB0;&#xCBF;&#xCA4;&#xCCD;&#xCB0;&#xCC6; </subfield>
    <subfield code="9">58359</subfield>
  </datafield>
  <datafield tag="650" ind1=" " ind2=" ">
    <subfield code="a">Question Papers: &#xCAA;&#xCCD;&#xCB0;&#xCB6;&#xCCD;&#xCA8;&#xCC6; &#xCAA;&#xCA4;&#xCCD;&#xCB0;&#xCBF;&#xC95;&#xCC6;&#xC97;&#xCB3;&#xCC1; </subfield>
    <subfield code="9">58365</subfield>
  </datafield>
  <datafield tag="650" ind1=" " ind2=" ">
    <subfield code="a">Competitive Exams: &#xCB8;&#xCCD;&#xCAA;&#xCB0;&#xCCD;&#xCA7;&#xCBE;&#xCA4;&#xCCD;&#xCAE;&#xC95; &#xCAA;&#xCB0;&#xCC0;&#xC95;&#xCCD;&#xCB7;&#xCC6;</subfield>
    <subfield code="9">58504</subfield>
  </datafield>
  <datafield tag="700" ind1=" " ind2=" ">
    <subfield code="a">MADDANNA (Mali): &#xCAE;&#xCA6;&#xCCD;&#xCA6;&#xCA3;&#xCCD;&#xCA3; (&#xCAE;&#xCBE;&#xCB2;&#xCBF;) Ed</subfield>
    <subfield code="9">58360</subfield>
  </datafield>
  <datafield tag="700" ind1=" " ind2=" ">
    <subfield code="a">SHIVARAMAYYA: &#xCB6;&#xCBF;&#xCB5;&#xCB0;&#xCBE;&#xCAE;&#xCAF;&#xCCD;&#xCAF; Ed</subfield>
    <subfield code="9">58361</subfield>
  </datafield>
  <datafield tag="700" ind1=" " ind2=" ">
    <subfield code="a">PASHA (Mahamad Rafi): &#xCAA;&#xCBE;&#xCB6; (&#xCAE;&#xCB9;&#xCAE;&#xCA6;&#xCCD; &#xCB0;&#xCAB;&#xCC0;) Ed </subfield>
    <subfield code="9">58362</subfield>
  </datafield>
  <datafield tag="942" ind1=" " ind2=" ">
    <subfield code="2">ddc</subfield>
    <subfield code="c">BK</subfield>
  </datafield>
  <datafield tag="999" ind1=" " ind2=" ">
    <subfield code="c">224650</subfield>
    <subfield code="d">224650</subfield>
  </datafield>
  <datafield tag="952" ind1=" " ind2=" ">
    <subfield code="0">0</subfield>
    <subfield code="1">0</subfield>
    <subfield code="2">ddc</subfield>
    <subfield code="4">0</subfield>
    <subfield code="7">0</subfield>
    <subfield code="8">KAN</subfield>
    <subfield code="a">AL</subfield>
    <subfield code="b">AL</subfield>
    <subfield code="c">SK</subfield>
    <subfield code="d">2022-09-16</subfield>
    <subfield code="e">Navakarnataka Publications Pvt.Ltd.</subfield>
    <subfield code="g">240.00</subfield>
    <subfield code="l">1</subfield>
    <subfield code="o">351.3K MADI</subfield>
    <subfield code="p">076061</subfield>
    <subfield code="r">2025-08-21 09:18:47</subfield>
    <subfield code="s">2025-08-13</subfield>
    <subfield code="v">300.00</subfield>
    <subfield code="w">2022-09-23</subfield>
    <subfield code="y">BK</subfield>
  </datafield>
</record>
